Arató István Arató Pista, hétfőn este hosszú szenvedés után meghalt

Elmentve itt :
Bibliográfiai részletek
Dokumentumtípus: Cikk
Megjelent: 1924-01-16
Sorozat:Délmagyarország 5 No. 13
Kulcsszavak:Arató István, Haláleset Szeged 1924, Szeged, Halálozás
Online Access:http://dmarchiv.bibl.u-szeged.hu/37291
LEADER 00492nab a2200145 i 4500
001 delm37291
005 20180927112933.0
008 180927s1924 hu o 0|| hun d
040 |a SZTE Délmagyarország Archívum  |b hun 
041 |a hun 
245 0 0 |a Arató István   |h [elektronikus dokumentum] :  |b Arató Pista, hétfőn este hosszú szenvedés után meghalt 
260 |c 1924-01-16 
300 |a 5 
490 0 |a Délmagyarország  |v 5 No. 13 
695 |a Arató István, Haláleset Szeged 1924, Szeged, Halálozás